| 000 | 00495nam a2200193 a 4500 | ||
|---|---|---|---|
| 001 | BRCA_6189 | ||
| 005 | 20190320205350.0 | ||
| 008 | 110711s1880----gw-#######---#000-0#ger-# | ||
| 041 | _ager | ||
| 044 | _agw | ||
| 050 | 4 |
_aDD756 _b.S95 _c1880 |
|
| 245 | 1 | 0 |
_aSzielasko, 15 Monate Prisenossizier an Bord. _cS. M. S. Wolf |
| 260 |
_aBerlin _bDeutscher Lehrmittel _c[188-?] |
||
| 300 |
_a128 p. _c21 cm. |
||
| 500 | _aI49 | ||
| 651 | 4 |
_aAlemania _xHistoria _95819 |
|
| 902 | _aGFM | ||
| 942 |
_2lcc _cB |
||
| 999 |
_c5876 _d5876 |
||